|
|
|
|
| LEADER |
00000cam a2200000 7i4500 |
| 001 |
0000008259 |
| 005 |
20190709093000.0 |
| 008 |
021119n |
| 020 |
|
|
|a 0231052464
|
| 090 |
0 |
0 |
|a PJ827
|b .S3
|
| 100 |
0 |
|
|a Schimmel, Annemarie ,
|d 1922-2003 ,
|e author
|
| 245 |
0 |
0 |
|a As through a veil :
|b mystical poetry in Islam
|c Annemarie Schimmel
|
| 260 |
2 |
|
|a New York :
|b Columbia Univesity Press ,
|c 1982
|
| 300 |
|
|
|a 359 p. ; ;
|c 22 cm.
|
| 501 |
|
|
|a Includes index
|
| 504 |
|
|
|a Bibliography : p. 293-326
|
| 650 |
|
0 |
|a Islamic poetry
|x History and criticism
|
| 999 |
|
|
|a 1000041337
|b Book
|c OPEN SHELF (30 DAYS)
|e Gong Badak Campus
|